000 00653nam a22002297a 4500
003 UA-OsUOA
001 31236
007 ta
008 20041207b un ||||| |||| 00| 0 ukr d
090 _a211.(44)
_bД12
942 _cBK
040 _aUA-OsUOA
_brus
_cUA-OsUOA
_dUA-OsUOA
245 _aДа скроется тьма!
_bФранцузские материалисты ХVIII в. об атеизме, религии, церкви
300 _a302 с.
955 _a0
041 _arus
080 _a211.(44)
260 _aМосква
_bПолитической литературы
_c1976
044 _aRU
650 7 _2UDC
999 _c317658
_d317658